| 000 | 01006cam a22002772 4500 | ||
|---|---|---|---|
| 001 | 0000001667 | ||
| 005 | 20151217145725.0 | ||
| 008 | 070321s xx 000 0 eng d | ||
| 020 | _a0538881887 (concepts edition) : | ||
| 020 | _a0538881895 (cases edition) | ||
| 040 |
_aKABU _cKABU |
||
| 050 | 0 |
_aHD30.28 _b.H58 1999 |
|
| 100 | 1 |
_aHitt, Michael A. _@0000150604 |
|
| 245 | 1 | 0 |
_aStrategic management : _bcompetitiveness and globalization / _cMichael A. Hitt, R. Duane Ireland, Robert E. Hoskisson. |
| 250 | _a3rd ed. | ||
| 260 |
_aCincinnati, Ohio : _bSouth-Western College Pub., _cc1999. |
||
| 300 |
_a1 v. (various pagings) : _bill. ; _c26 cm. |
||
| 504 | _aIncludes bibliographical references and index. | ||
| 650 | 0 |
_aStrategic planning. _@0000150576 |
|
| 650 | 0 |
_aIndustrial management. _@0000149957 |
|
| 700 | 1 |
_aIreland, R. Duane. _@0000150605 |
|
| 700 | 1 |
_aHoskisson, Robert E. _@0000150606 |
|
| 908 | _a070321 | ||
| 950 | _@1 | ||
| 999 |
_c1920 _d1920 |
||